000
00254nam a2200097Ia 4500
001
803230
005
20250826171111.0
008
250824s9999 xx 000 0 und d
245
0
_a
NUREDDİN ZENGİ ŞARK IN KANDİLİ
_c
ALİ EMRE
260
_b
KETEBE YAYINLARI
999
_c
803230
_d
803230